| 000 | 00350nam a2200121Ia 4500 | ||
|---|---|---|---|
| 008 | 210430s9999 xx 000 0 und d | ||
| 082 | _a620.11 D167 E | ||
| 100 | _aIsaac M Daniel | ||
| 245 |
_aEngineering Mechanics of Composite Materials _cIsaac M Daniel |
||
| 260 |
_aNew York _bOxford University Press _c1994 |
||
| 300 | _a395p. | ||
| 942 |
_cBK _2ddc |
||
| 999 |
_c563900 _d563900 |
||